000 00321cam a22001097a 4500
008 180718b-- xxu||||| |||| 00| 0 eng d
082 _aO03x5452 A
100 _aMadras. Law Department
245 _aThe Madras public health act, 1939 (Madras act III of 1939)
260 _aMadras
_bThe author
_c--
500 _aLibrary has 1959
999 _c476004
_d476004